000 00805nam0a22002651 4500
001 RU\NLR\A1SV\110901
005 20251203171251.9
035 _a(NLR Aleph) 009792254
090 _a10141482
_c10141482
100 _a20110525d1926 u y0rusy50 ca
101 0 _arus
102 _aRU
200 1 _aПочтово-телеграфный справочник 1926 г.
_fСост. референт при Почтовом отд. НКП и Т П.А.Рылов
210 _aМ.
_cСвязь
_d[1926]
215 _a118, [2] с.
_d13 см
620 _dМосква
700 1 _aРылов
_bП.А.
_gПетр Александрович
801 0 _aRU
_bNLR
_c20110525
852 _aNLR
_j50/771
899 _aРГБ
899 _aКирОУНБ
942 _cBOOK
980 _aNB
980 _aA1SV